| 000 | 00415nam a2200169 a 4500 | ||
|---|---|---|---|
| 001 | 4023 | ||
| 005 | 20140414132029.0 | ||
| 008 | 040201s19uu xx 00 eng d | ||
| 020 | _a0-88625-290-3 | ||
| 050 |
_aTR _bL62 1993 |
||
| 100 | _aWilliams, Harland | ||
| 245 |
_aLickety split : _bschool's cool. |
||
| 260 |
_aU.S.A : _bDurkin Hayes, _c1993. |
||
| 300 | _a31 p. ; cm. | ||
| 999 |
_c113588 _d113588 |
||